Фотодинамическая терапия: иммуномодулирующий метод в онкогинекологии (Запись № 12429345)
[ простой вид ]
| 000 -МАРКЕР | |
|---|---|
| контрольное поле | 03421nam0a2200409 4500 |
| 001 - ИДЕНТИФИКАТОР ЗАПИСИ | |
| контрольное поле | RU\NLR\BIBL_A\012550858 |
| 005 - ИДЕНТИФИКАТОР ВЕРСИИ | |
| контрольное поле | 20210817113336.0 |
| 010 ## - МЕЖДУНАРОДНЫЙ СТАНДАРТНЫЙ НОМЕР КНИГИ (ISBN) | |
| Номер (ISBN) | 978-5-6041237-9-9 |
| Тираж | 1000 |
| 021 ## - НОМЕР ГОСУДАРСТВЕННОЙ РЕГИСТРАЦИИ | |
| Код страны | Российская Федерация |
| Номер | КН-П-21-007231 |
| Номер Листа государственной регистраци | КН-П-21-0569 |
| 035 ## - ДРУГИЕ СИСТЕМНЫЕ НОМЕРА | |
| Идентификатор записи | (NLR Aleph) 012550858 |
| 035 ## - ДРУГИЕ СИСТЕМНЫЕ НОМЕРА | |
| Идентификатор записи | (RuMoRGB)010571388 |
| 100 ## - ДАННЫЕ ОБЩЕЙ ОБРАБОТКИ | |
| Данные общей обработки | 20210622d2020 u y0rusy50 ca |
| 101 0# - ЯЗЫК РЕСУРСА | |
| Язык текста, звукозаписи и т.д. | русский |
| 102 ## - СТРАНА ПУБЛИКАЦИИ ИЛИ ПРОИЗВОДСТВА | |
| Страна публикации | Российская Федерация |
| 105 ## - ПОЛЕ КОДИРОВАННЫХ ДАННЫХ: ТЕКСТОВЫЕ МАТЕРИАЛЫ, МОНОГРАФИЧЕСКИЕ | |
| Кодированные данные о монографическом текстовом документе | ac||j|||000yy |
| 181 #0 - ПОЛЕ КОДИРОВАННЫХ ДАННЫХ: ВИД СОДЕРЖАНИЯ | |
| Код вида содержания (ISBD) | i |
| Код характеристики содержания (ISBD) | axxe |
| 182 #0 - ПОЛЕ КОДИРОВАННЫХ ДАННЫХ: ТИП СРЕДСТВА | |
| Код типа средства (ISBD) | n - непосредственное |
| 200 1# - ЗАГЛАВИЕ И СВЕДЕНИЯ ОБ ОТВЕТСТВЕННОСТИ | |
| Основное заглавие | Фотодинамическая терапия: иммуномодулирующий метод в онкогинекологии |
| Сведения, относящиеся к заглавию | учебное пособие для системы послевузовского профессионального образования врачей |
| -- | для использования в образовательных учреждениях, реализующих основные образовательные программы высшего образования подготовки кадров высшей квалификации в ординатуре по специальности 31.08.57 "Онкология" |
| Первые сведения об ответственности | Караулов А. В., Афанасьев М. С., Петрищев Н. Н. [и др.] |
| Последующие сведения об ответственности | под ред. А. В. Караулова [и др.] |
| -- | ФГАОУ ВО Первый Московский государственный медицинский университет имени И. М. Сеченова Министерства здравоохранения Российской Федерации, ФГБОУ ВО Первый Санкт-Петербургский государственный медицинский университет имени академика И. П. Павлова Министерства здравоохранения Российской Федерации |
| 203 ## - ВИД СОДЕРЖАНИЯ И ТИП СРЕДСТВА | |
| Вид содержания | Текст |
| Дополнительные сведения об издании | визуальный |
| Тип средства | непосредственный |
| 210 ## - ПУБЛИКАЦИЯ, РАСПРОСТРАНЕНИЕ И ДР. | |
| Место издания, распространения и т.д. | Москва |
| Имя издателя, распространителя и т. д. | Контакт |
| Дата издания, распространения и т.д. | 2020 |
| 215 ## - ФИЗИЧЕСКАЯ ХАРАКТЕРИСТИКА | |
| Специфическое обозначение материала и объем | 142, [1] с. |
| Другие сведения о физической характеристике | табл., цв. ил., портр. |
| Размеры | 30 см |
| 300 ## - ОБЩИЕ ПРИМЕЧАНИЯ | |
| Текст примечания | На 140-й с. авт.: Караулов А.В. - д.м.н., проф., акад. РАН, Афанасьев М.С. - д.м.н, проф., Петрищев Н.Н. - д.м.н., проф., засл. деят. науки РФ |
| 300 ## - ОБЩИЕ ПРИМЕЧАНИЯ | |
| Текст примечания | На обл. авт. не указаны |
| 320 ## - ПРИМЕЧАНИЯ О НАЛИЧИИ В ДОКУМЕНТЕ БИБЛИОГРАФИИ / УКАЗАТЕЛЯ | |
| Текст примечания | Библиогр.: с. 113-127 (163 назв.) |
| 606 1# - НАИМЕНОВАНИЕ ТЕМЫ КАК ПРЕДМЕТ | |
| Наименование темы | Онкогинекологические болезни |
| Формальный подзаголовок | Учебные издания для последипломного образования |
| Тематический подзаголовок | Фотодинамическая терапия |
| Системный номер авторитетной/нормативной записи | 2485252 |
| Идентификатор авторитетной/нормативной записи | RU\NLR\AUTH\6601691408 |
| 686 1# - ИНДЕКСЫ ДРУГИХ КЛАССИФИКАЦИЙ | |
| Индекс | Р569.71-543я77 |
| 701 #1 - ИМЯ ЛИЦА - АЛЬТЕРНАТИВНАЯ ОТВЕТСТВЕННОСТЬ | |
| Графика поля | Кириллица |
| Материалы, к которым относится поле | rus |
| Начальный элемент ввода | Караулов |
| Часть имени, кроме начального элемента ввода | А. В. |
| Дополнения к именам, кроме дат | д-р мед. наук |
| Расширение инициалов личного имени | Александр Викторович |
| Системный номер авторитетной/нормативной записи | 24363 |
| Идентификатор авторитетной/нормативной записи | RU\NLR\AUTH\7741415 |
| 701 #1 - ИМЯ ЛИЦА - АЛЬТЕРНАТИВНАЯ ОТВЕТСТВЕННОСТЬ | |
| Графика поля | Кириллица |
| Материалы, к которым относится поле | rus |
| Начальный элемент ввода | Афанасьев |
| Часть имени, кроме начального элемента ввода | М. С. |
| Дополнения к именам, кроме дат | д-р мед. наук |
| Расширение инициалов личного имени | Максим Станиславович |
| Системный номер авторитетной/нормативной записи | 218545 |
| Идентификатор авторитетной/нормативной записи | RU\NLR\AUTH\770218601 |
| 701 #1 - ИМЯ ЛИЦА - АЛЬТЕРНАТИВНАЯ ОТВЕТСТВЕННОСТЬ | |
| Начальный элемент ввода | Петрищев |
| Часть имени, кроме начального элемента ввода | Н. Н. |
| Расширение инициалов личного имени | Николай Николаевич |
| 712 02 - НАИМЕНОВАНИЕ ОРГАНИЗАЦИИ - ВТОРИЧНАЯ ОТВЕТСТВЕННОСТЬ | |
| Код отношения | Прочие |
| Начальный элемент ввода | Московский государственный медицинский университет им. И. М. Сеченова |
| Идентифицирующий признак | 1 |
| Системный номер авторитетной/нормативной записи | 836500 |
| Идентификатор авторитетной/нормативной записи | RU\NLR\AUTH\8810170316 |
| 942 ## - ДОПОЛНИТЕЛЬНЫЕ ЭЛЕМЕНТЫ ЗАПИСИ (АБИС) | |
| Тип экземпляра АБИС | Книга |
| 980 ## - КОЛЛЕКЦИЯ | |
| Название коллекции | НБР |
| 980 ## - КОЛЛЕКЦИЯ | |
| Название коллекции | Национальная библиография |
Нет доступных экземпляров.